| 000 | 01380nam a2200265 u 4500 | ||
|---|---|---|---|
| 001 | 000001948 | ||
| 003 | DO-SdBNP | ||
| 005 | 20250618114720.0 | ||
| 008 | 090630s2006 dr ac r 000 0 spa d | ||
| 020 | _a9945408062 | ||
| 040 |
_aDO-SdBNP _bspa _cBNPHU |
||
| 082 |
_a923.2 _bC957h _222 |
||
| 100 | 1 |
_a Cruz Infante, José A., _q(José Abigail) _92460 |
|
| 245 | 1 | 0 |
_aHombres de Trujillo / _cJosé Abigaíl Cruz Infante ; prólogo Juan Daniel Balcácer. |
| 260 |
_aSanto Domingo : _bLetra gráfica, _c2006. |
||
| 300 |
_a173 p. : _bil., retrs. ; _c23 cm. |
||
| 500 | _aIncluye datos biográficos del autor en la solapa de la cubierta | ||
| 504 | _aBibliografía : p. 171-173 | ||
| 505 | 2 | _aLiminar -- Prólogo -- Funcionarios civiles y militares de Trujillo, vistos por Ximpa en 1934. Álbum homenaje a Trujillo --- Rafael Vidal Torres -- Mario Fermín Cabral -- General José Estrella -- Víctor Garrido Puello -- Anselmo Paulino -- Arturo Logroño -- Manuel de Moya Alonzo -- Manuel Arturo Peña Batlle -- Virgilio Álvarez Pina -- Félix W. Bernardino -- Álbum de Trujillo -- Bibliografía consultada. | |
| 600 | 1 | 0 |
_aTrujillo Molina, Rafael Leónidas, _d 1891-1961 _976764 |
| 650 | 1 | 4 |
_aPolíticos _zRepública Dominicana _vBiografías _96328 |
| 700 | 1 |
_aBalcácer, Juan Daniel, _d1949- _epról. _96566 |
|
| 910 | _aValidado. Control de calidad MMOLINA | ||
| 942 |
_2ddc _cLBS1 |
||
| 999 |
_c1814 _d1814 |
||